Normal view
MARC view
- Microbial ecology
Entry Topical Term
001 - CONTROL NUMBER
- control field: 7031
003 - CONTROL NUMBER IDENTIFIER
- control field: NUST
005 - DATE AND TIME OF LATEST TRANSACTION
- control field: 20171207121645.0
008 - FIXED-LENGTH DATA ELEMENTS
- fixed length control field: 171207|| aca||aabn | a|a d
040 ## - CATALOGING SOURCE
- Original cataloging agency: NUST
- Transcribing agency: NUST
150 ## - HEADING--TOPICAL TERM
- Topical term or geographic name entry element: Microbial ecology
- Form subdivision: Encyclopedias.
670 ## - SOURCE DATA FOUND
- Source citation: Work cat.: (NUST)0: Bitton, Gabriel. 5831, Encyclopedia of environmental microbiology (Vol-1-5), c2002.
